Animal Eye Quiz - Statistics

General Stats
  • This quiz has been taken 46 times
  • The average score is 8 of 10
Answer Stats
Picture Answer % Correct
Cat
100%
Elephant
98%
Owl
95%
Dog
89%
Bee
86%
Goat
77%
Fish
75%
Panda
59%
Camel
52%
Pigeon
18%
No matching quizzes found
Score Distribution
Percent of People with Each Score
Percentile by Number Answered
Your Score History
You have not taken this quiz